|
|
|
|
| LEADER |
01011nam a2200241 a 4500 |
| 001 |
12893645 |
| 008 |
090707s2003 enk bf 001 0 eng d |
| 010 |
|
|
|a \\2002031402
|
| 020 |
|
|
|a 0521802474
|
| 020 |
|
|
|a 0521002834 (pbk.)
|
| 040 |
|
|
|a DLC
|c DLC
|d DLC
|
| 082 |
0 |
0 |
|a 828/.509
|2 21
|
| 245 |
0 |
4 |
|a The Cambridge companion to Jonathan Swift /
|c edited by Christopher Fox.
|
| 260 |
|
|
|a Cambridge, U.K. ;
|a New York :
|b Cambridge University Press,
|c 2003.
|
| 300 |
|
|
|a xiii, 283 p. ;
|c 24 cm.
|
| 490 |
|
0 |
|a Cambridge companions to literature
|
| 504 |
|
|
|a Includes bibliographical references (p. 256-265) and indexes.
|
| 541 |
1 |
|
|e 00014494
|
| 600 |
1 |
0 |
|a Swift, Jonathan,
|d 1667-1745
|x Criticism and interpretation
|v Handbooks, manuals, etc.
|
| 700 |
1 |
|
|a Fox, Christopher,
|d 1948-
|
| 852 |
4 |
|
|a Ayesha Abed Library
|j General shelf
|
| 999 |
|
|
|c 2164
|d 2164
|
| 952 |
|
|
|0 0
|1 0
|2 ddc
|4 0
|6 828_509000000000000_CAM
|7 0
|9 1995
|a BRACUL
|b BRACUL
|c GEN
|d 2009-07-07
|g 1253.00
|l 3
|m 12
|o 828.509 CAM
|p 3010014494
|r 2023-05-06
|s 2023-01-24
|t 1
|w 2009-07-07
|y BK
|